[Event "Oberliga Nord N 2122"]
[Site "Germany"]
[Date "2022.04.03"]
[Round "8.5"]
[White "Behrhorst, Frank"]
[Black "Rieling, Thomas"]
[Result "1-0"]
[WhiteElo "2227"]
[BlackElo "2064"]
[PlyCount "49"]
[EventDate "2021.10.31"]
[EventType "team-tourn"]
[EventRounds "9"]
[EventCountry "GER"]
[SourceTitle "EXT 2023"]
[Source "ChessBase"]
[SourceDate "2022.10.05"]
[SourceVersion "1"]
[SourceVersionDate "2022.10.05"]
[SourceQuality "1"]
[WhiteTeam "Johanneum Eppendorf"]
[BlackTeam "Hamburg Diogenes"]
[WhiteTeamCountry "GER"]
[BlackTeamCountry "GER"]

1. d4 Nf6 2. c4 e6 3. Nc3 d5 4. Bg5 Be7 5. Nf3 0-0 6. e3 b6 7. Bxf6 Bxf6 8. cxd5 exd5 9. Bd3 Bb7 10. Qc2 g6 11. 0-0 Qe7 12. Rac1 c5 13. dxc5 bxc5 14. Na4 Nd7 15. Nxc5 Rfc8 16. b4 a5 17. Bb5 Bc6 18. Qd3 axb4 19. Bxc6 Rxc6 20. Qxd5 Qd6 21. Qxd6 Rxd6 22. Ne4 Rd3 23. Rfd1 Raa3 24. Ne1 Rxd1 25. Rxd1 1-0

[Event "Oberliga Nord N 1718"]
[Site "Germany"]
[Date "2018.01.21"]
[Round "5.4"]
[White "Behrhorst, Frank"]
[Black "Stephan, Axel"]
[Result "1/2-1/2"]
[WhiteElo "2249"]
[BlackElo "2208"]
[PlyCount "57"]
[EventDate "2017.10.08"]
[EventType "team-tourn"]
[EventRounds "9"]
[EventCountry "GER"]
[SourceTitle "EXT 2019"]
[Source "ChessBase"]
[SourceDate "2018.10.10"]
[SourceVersion "1"]
[SourceVersionDate "2018.10.10"]
[SourceQuality "1"]
[WhiteTeam "Eppendorf Johanneum"]
[BlackTeam "Hamburg Diogenes"]
[WhiteTeamCountry "GER"]
[BlackTeamCountry "GER"]

1. d4 g6 2. c4 Bg7 3. Nc3 c5 4. d5 Bxc3+ 5. bxc3 f5 6. f3 Nf6 7. Bh6 Qa5 8. Qc2 d6 9. e4 fxe4 10. Bg7 Rg8 11. Bxf6 exf6 12. fxe4 Nd7 13. Nf3 Nb6 14. Bd3 Bd7 15. 0-0 Na4 16. Rab1 Qxc3 17. Qe2 0-0-0 18. Rb3 Qa5 19. Rfb1 Qc7 20. Qd2 Rgf8 21. Bc2 Nb6 22. Qc3 Rf7 23. Nd2 Kb8 24. Ra3 Be8 25. Nb3 Nc8 26. Na5 Nb6 27. Nb3 Ka8 28. Rf1 Kb8 29. Na5 1/2-1/2

[Event "Oberliga Nord N 1516"]
[Site "Germany"]
[Date "2016.01.17"]
[Round "5.3"]
[White "Korba, Roman"]
[Black "Behrhorst, Frank"]
[Result "1/2-1/2"]
[WhiteElo "2191"]
[BlackElo "2256"]
[PlyCount "64"]
[EventDate "2015.09.20"]
[EventType "team-tourn"]
[EventRounds "9"]
[EventCountry "GER"]
[SourceTitle "CBM 170 Extra"]
[Source "ChessBase"]
[SourceDate "2016.02.25"]
[SourceVersion "1"]
[SourceVersionDate "2016.02.25"]
[SourceQuality "1"]
[WhiteTeam "Hamburg Diogenes"]
[BlackTeam "Eppendorf Johanneum"]
[WhiteTeamCountry "GER"]
[BlackTeamCountry "GER"]

1. c4 Nf6 2. g3 c5 3. Bg2 d5 4. Nf3 Nc6 5. 0-0 d4 6. d3 g6 7. e3 Bg7 8. exd4 cxd4 9. a3 a5 10. Re1 0-0 11. Nbd2 Nd7 12. Rb1 Nc5 13. Ne4 Nxe4 14. Rxe4 Bf5 15. Re1 Qd6 16. Ng5 Rab8 17. b4 axb4 18. axb4 b5 19. Bf4 e5 20. c5 Qf6 21. Bc1 Ra8 22. g4 Bd7 23. Bd5 Ra4 24. Bd2 h6 25. Ne4 Qh4 26. g5 Ne7 27. Bb3 Ra6 28. Qf3 Bc6 29. Ra1 Rxa1 30. Rxa1 hxg5 31. Bxg5 Bxe4 32. Bxe7 Ra8 1/2-1/2

[Event "Oberliga Nord N 1516"]
[Site "Germany"]
[Date "2015.09.20"]
[Round "1.5"]
[White "Hess, Christian"]
[Black "Behrhorst, Frank"]
[Result "1/2-1/2"]
[WhiteElo "2259"]
[BlackElo "2258"]
[PlyCount "32"]
[EventDate "2015.09.20"]
[EventType "team-tourn"]
[EventRounds "9"]
[EventCountry "GER"]
[SourceTitle "CBM 170 Extra"]
[Source "ChessBase"]
[SourceDate "2016.02.25"]
[SourceVersion "1"]
[SourceVersionDate "2016.02.25"]
[SourceQuality "1"]
[WhiteTeam "St Pauli"]
[BlackTeam "Eppendorf Johanneum"]
[WhiteTeamCountry "GER"]
[BlackTeamCountry "GER"]

1. c4 Nf6 2. Nc3 c6 3. e4 d5 4. exd5 cxd5 5. d4 Nc6 6. Nf3 e6 7. cxd5 exd5 8. Bb5 Bd6 9. 0-0 0-0 10. h3 Be6 11. Re1 Qb6 12. Qa4 h6 13. Be3 Rac8 14. Ne5 Na5 15. Rac1 a6 16. Bd3 Qd8 1/2-1/2

[Event "Oberliga Nord N 1415"]
[Site "Germany"]
[Date "2015.04.12"]
[Round "9.4"]
[White "Behrhorst, Frank"]
[Black "Junge, Ralf"]
[Result "1/2-1/2"]
[WhiteElo "2273"]
[BlackElo "2271"]
[PlyCount "38"]
[EventDate "2014.09.21"]
[EventType "team-tourn"]
[EventRounds "9"]
[EventCountry "GER"]
[SourceTitle "EXT 2016"]
[Source "ChessBase"]
[SourceDate "2015.10.08"]
[SourceVersion "1"]
[SourceVersionDate "2015.10.08"]
[SourceQuality "1"]
[WhiteTeam "Eppendorf Johanneum"]
[BlackTeam "Kiel Turm"]
[WhiteTeamCountry "GER"]
[BlackTeamCountry "GER"]

1. d4 Nf6 2. c4 g6 3. Nc3 Bg7 4. e4 0-0 5. f3 d6 6. Bg5 c5 7. d5 h6 8. Be3 e6 9. Qd2 exd5 10. cxd5 a6 11. a4 Re8 12. Nge2 h5 13. Nc1 Nbd7 14. Be2 Nf8 15. 0-0 N8h7 16. Nd3 Nd7 17. Nf2 b6 18. Rab1 Qe7 19. b4 Be5 1/2-1/2

[Event "Oberliga Nord N 1415"]
[Site "Germany"]
[Date "2015.02.01"]
[Round "6.3"]
[White "Behrhorst, Frank"]
[Black "Zieher, Hartmut"]
[Result "1/2-1/2"]
[WhiteElo "2273"]
[BlackElo "2291"]
[PlyCount "84"]
[EventDate "2014.09.21"]
[EventType "team-tourn"]
[EventRounds "9"]
[EventCountry "GER"]
[SourceTitle "EXT 2016"]
[Source "ChessBase"]
[SourceDate "2015.10.08"]
[SourceVersion "1"]
[SourceVersionDate "2015.10.08"]
[SourceQuality "1"]
[WhiteTeam "Eppendorf Johanneum"]
[BlackTeam "Hamburger SK III"]
[WhiteTeamCountry "GER"]
[BlackTeamCountry "GER"]

1. d4 d5 2. Nf3 Nf6 3. c4 c6 4. Nc3 a6 5. cxd5 cxd5 6. Bf4 Nc6 7. e3 e6 8. Bd3 Be7 9. h3 0-0 10. 0-0 b5 11. a4 b4 12. Nb1 Bb7 13. Nbd2 Rc8 14. Qe2 Qb6 15. Nb3 Ne4 16. a5 Qa7 17. Rfc1 f6 18. Bxe4 dxe4 19. Nfd2 Nb8 20. Nc4 Bd5 21. Nbd2 Nd7 22. Bd6 Bxd6 23. Nxd6 Rxc1+ 24. Rxc1 f5 25. Nc8 Qb7 26. Ne7+ Kh8 27. Nxd5 exd5 28. Qd1 Rc8 29. Rxc8+ Qxc8 30. Qb3 Qb7 31. Qa4 Kg8 32. Nb3 Kf7 33. Nc5 Nxc5 34. dxc5 g5 35. c6 Qc7 36. Qc2 f4 37. Qc5 Ke6 38. Kf1 fxe3 39. fxe3 h5 40. Ke2 Qg3 41. Kf1 Qc7 42. Ke2 Qg3 1/2-1/2

[Event "Oberliga Nord N 1415"]
[Site "Germany"]
[Date "2014.09.21"]
[Round "1.3"]
[White "Behrhorst, Frank"]
[Black "Breyther, Ruediger"]
[Result "1/2-1/2"]
[WhiteElo "2273"]
[BlackElo "2301"]
[PlyCount "105"]
[EventDate "2014.09.21"]
[EventType "team-tourn"]
[EventRounds "9"]
[EventCountry "GER"]
[SourceTitle "EXT 2016"]
[Source "ChessBase"]
[SourceDate "2015.10.08"]
[SourceVersion "1"]
[SourceVersionDate "2015.10.08"]
[SourceQuality "1"]
[WhiteTeam "Eppendorf Johanneum"]
[BlackTeam "Hamburg St Pauli"]
[WhiteTeamCountry "GER"]
[BlackTeamCountry "GER"]

1. d4 Nf6 2. c4 e6 3. Nf3 b6 4. g3 Ba6 5. b3 b5 6. cxb5 Bxb5 7. Nc3 Ba6 8. Bg2 d5 9. b4 c6 10. Rb1 Be7 11. 0-0 0-0 12. Ne5 Nfd7 13. Nd3 Bf6 14. Be3 Bxd3 15. Qxd3 a5 16. b5 Nb6 17. Bf4 cxb5 18. Nxb5 Na6 19. Nc7 Nxc7 20. Rxb6 Be7 21. Rfb1 Bb4 22. a3 Ne8 23. Rb5 Bd6 24. Bd2 Bc7 25. Qc3 Nd6 26. Rc5 Ra7 27. Bf4 Nc4 28. Bxc7 Rxc7 29. e4 Rd7 30. exd5 exd5 31. Bf1 Qf6 32. Bxc4 dxc4 33. Rxc4 Rfd8 34. Rc8 h6 35. Rbb8 Kh7 36. Rxd8 Rxd8 37. Rxd8 Qxd8 38. Qc5 Qd7 39. Kg2 Qe6 40. h3 Qe4+ 41. Kh2 f5 42. Qe5 Qf3 43. Kg1 Qxa3 44. d5 Qc1+ 45. Kh2 Qc2 46. Qd4 Qc7 47. d6 Qd7 48. Qc5 Qe6 49. Qc7 Qe5 50. Qc6 Qe6 51. Qc7 Qe5 52. Qb6 Qd5 53. Qc7 1/2-1/2

[Event "BL2-Nord 1314"]
[Site "Germany"]
[Date "2014.04.06"]
[Round "9.3"]
[White "Behrhorst, Frank"]
[Black "Luch, Michal"]
[Result "1/2-1/2"]
[WhiteElo "2268"]
[BlackElo "2438"]
[PlyCount "28"]
[EventDate "2013.10.13"]
[EventType "team-tourn"]
[EventRounds "9"]
[EventCountry "GER"]
[SourceTitle "EXT 2015"]
[Source "ChessBase"]
[SourceDate "2014.11.20"]
[SourceVersion "1"]
[SourceVersionDate "2014.11.20"]
[SourceQuality "1"]
[WhiteTeam "Eppendorf"]
[BlackTeam "Zehlendorf"]
[WhiteTeamCountry "GER"]
[BlackTeamCountry "GER"]

1. d4 g6 2. c4 Bg7 3. Nc3 c5 4. d5 Bxc3+ 5. bxc3 f5 6. h4 Nf6 7. Bh6 Qa5 8. Qc2 d6 9. e3 Nbd7 10. Nf3 Nb6 11. Nd2 Qa4 12. Qb3 e5 13. dxe6 Qc6 14. h5 gxh5 1/2-1/2

[Event "BL2-Nord 1314"]
[Site "Germany"]
[Date "2014.02.23"]
[Round "7.3"]
[White "Behrhorst, Frank"]
[Black "Kyas, Philipp"]
[Result "1-0"]
[WhiteElo "2268"]
[BlackElo "2060"]
[PlyCount "63"]
[EventDate "2013.10.13"]
[EventType "team-tourn"]
[EventRounds "9"]
[EventCountry "GER"]
[SourceTitle "EXT 2015"]
[Source "ChessBase"]
[SourceDate "2014.11.20"]
[SourceVersion "1"]
[SourceVersionDate "2014.11.20"]
[SourceQuality "1"]
[WhiteTeam "Eppendorf"]
[BlackTeam "Goettingen"]
[WhiteTeamCountry "GER"]
[BlackTeamCountry "GER"]

1. d4 Nf6 2. c4 e6 3. Nf3 d5 4. cxd5 exd5 5. Nc3 Be7 6. Bg5 0-0 7. e3 Bf5 8. Bxf6 Bxf6 9. Qb3 c5 10. Nxd5 Bxd4 11. exd4 Re8+ 12. Ne3 cxd4 13. 0-0-0 Qc8+ 14. Nc2 Nc6 15. Bd3 Be6 16. Qa3 a5 17. Rhe1 Qc7 18. Kb1 Nb4 19. Rxe6 fxe6 20. Nxb4 axb4 21. Qxb4 Rad8 22. Re1 Kh8 23. Qb5 Re7 24. Qh5 g6 25. Qg5 Kg7 26. Ne5 Rd5 27. f4 Rf7 28. h4 Qa5 29. Rc1 Qd2 30. g3 b5 31. h5 Ra7 32. h6+ 1-0

[Event "Naujac op"]
[Site "Naujac"]
[Date "2013.07.07"]
[Round "9"]
[White "Das, Arghyadip"]
[Black "Behrhorst, Frank"]
[Result "1-0"]
[WhiteElo "2493"]
[BlackElo "2281"]
[PlyCount "69"]
[EventDate "2013.06.30"]
[EventType "swiss"]
[EventRounds "9"]
[EventCountry "FRA"]
[SourceTitle "CBM 155 Extra"]
[Source "ChessBase"]
[SourceDate "2013.08.26"]
[SourceVersion "1"]
[SourceVersionDate "2013.08.26"]
[SourceQuality "1"]

1. c4 Nf6 2. Nc3 c5 3. e4 Nc6 4. Nge2 g6 5. d4 cxd4 6. Nxd4 d6 7. Nc2 Bg7 8. Be2 0-0 9. 0-0 Bd7 10. Be3 Qa5 11. f3 a6 12. Rb1 Rab8 13. b4 Qc7 14. Qd2 Ne5 15. Na3 Be6 16. Rfc1 Rfc8 17. Na4 b6 18. h3 Ned7 19. Nc3 Qd8 20. Nd5 a5 21. bxa5 bxa5 22. Nb5 Ne5 23. Rb3 Nc6 24. Bg5 Ne8 25. f4 Qd7 26. Kh2 f5 27. Re3 Bf8 28. exf5 gxf5 29. Bh5 Bf7 30. Bxf7+ Kxf7 31. Rce1 e5 32. Rg3 e4 33. Qd1 Qe6 34. Qh5+ Kg8 35. Nf6+ 1-0

[Event "Oberliga Nord N 1213"]
[Site "Germany"]
[Date "2013.01.13"]
[Round "5.3"]
[White "Behrhorst, Frank"]
[Black "Braubach, Lars"]
[Result "1/2-1/2"]
[WhiteElo "2299"]
[BlackElo "2217"]
[PlyCount "61"]
[EventDate "2012.10.14"]
[EventType "team-tourn"]
[EventRounds "9"]
[EventCountry "GER"]
[SourceTitle "EXT 2015"]
[Source "ChessBase"]
[SourceDate "2014.11.20"]
[SourceVersion "1"]
[SourceVersionDate "2014.11.20"]
[SourceQuality "1"]
[WhiteTeam "Eppendorf"]
[BlackTeam "Schwarzenbek"]
[WhiteTeamCountry "GER"]
[BlackTeamCountry "GER"]

1. d4 Nf6 2. c4 e6 3. Nf3 Bb4+ 4. Bd2 Bxd2+ 5. Qxd2 d6 6. Nc3 Nbd7 7. g3 0-0 8. Bg2 Re8 9. Rd1 Qe7 10. 0-0 e5 11. dxe5 dxe5 12. Qc2 Nf8 13. e3 Bg4 14. h3 Bxf3 15. Bxf3 c6 16. Bg2 Red8 17. Qa4 Qc5 18. Qb3 Qe7 19. Rxd8 Rxd8 20. Rd1 Rxd1+ 21. Nxd1 g6 22. Nc3 Ne6 23. a3 h5 24. h4 Kg7 25. Qc2 a5 26. Ne4 Nxe4 27. Bxe4 Qd6 28. Qc3 b6 29. b4 axb4 30. axb4 Kh7 31. Bf3 1/2-1/2

[Event "Oberliga Nord N 1213"]
[Site "Germany"]
[Date "2012.11.25"]
[Round "3.4"]
[White "Maass, Joerg"]
[Black "Behrhorst, Frank"]
[Result "0-1"]
[WhiteElo "2165"]
[BlackElo "2299"]
[PlyCount "64"]
[EventDate "2012.10.14"]
[EventType "team-tourn"]
[EventRounds "9"]
[EventCountry "GER"]
[SourceTitle "EXT 2015"]
[Source "ChessBase"]
[SourceDate "2014.11.20"]
[SourceVersion "1"]
[SourceVersionDate "2014.11.20"]
[SourceQuality "1"]
[WhiteTeam "Neumuenster Agon"]
[BlackTeam "Eppendorf"]
[WhiteTeamCountry "GER"]
[BlackTeamCountry "GER"]

1. d4 d5 2. c4 c6 3. Nf3 Nf6 4. Nc3 dxc4 5. e4 b5 6. e5 Nd5 7. Ng5 h6 8. Nge4 e6 9. a4 b4 10. Nb1 Ba6 11. Be2 Be7 12. 0-0 0-0 13. f4 c5 14. f5 exf5 15. Nxc5 Bxc5 16. dxc5 Nc6 17. Bf3 Nce7 18. Re1 Qc7 19. Qd4 Rfd8 20. e6 Rac8 21. Bh5 fxe6 22. Rxe6 Nf6 23. Qh4 Nxh5 24. Rxe7 Qxc5+ 25. Be3 Qd6 26. Nd2 c3 27. bxc3 bxc3 28. Nf3 c2 29. Rxa7 f4 30. Qxh5 Qd1+ 31. Rxd1 cxd1Q+ 32. Kf2 fxe3+ 0-1

[Event "Naujac op 06th"]
[Site "Naujac"]
[Date "2003.06.30"]
[Round "3"]
[White "Lagunes, Jean Renaud"]
[Black "Behrhorst, Frank"]
[Result "0-1"]
[WhiteElo "2082"]
[BlackElo "2291"]
[PlyCount "110"]
[EventDate "2003.06.29"]
[EventType "swiss"]
[EventRounds "9"]
[EventCountry "FRA"]
[SourceTitle "EXT 2004"]
[Source "ChessBase"]
[SourceDate "2003.11.25"]
[SourceVersion "1"]
[SourceVersionDate "2003.11.25"]
[SourceQuality "1"]

1. e4 Nf6 2. e5 Nd5 3. c4 Nb6 4. b3 c5 5. d4 cxd4 6. Qxd4 Nc6 7. Qe4 d5 8. exd6 Qxd6 9. Bb2 Qe6 10. Qxe6 Bxe6 11. a3 0-0-0 12. Nf3 Bg4 13. Nbd2 e5 14. Be2 f6 15. Nd4 Bd7 16. Nxc6 Bxc6 17. Bg4+ Kb8 18. f3 g6 19. Rd1 Bg7 20. Nb1 Rxd1+ 21. Kxd1 Re8 22. Re1 Bh6 23. Nd2 Rd8 24. Bc3 f5 25. Bh3 e4 26. fxe4 Bxe4 27. Re2 Rd3 28. Be5+ Kc8 29. Rxe4 Rxd2+ 30. Ke1 Nd7 31. Rh4 Nxe5 32. Rxh6 Rb2 33. Rxh7 Rxb3 34. Re7 Nd3+ 35. Kd2 Nf4 36. Rg7 Rxa3 37. Rh7 a5 38. Kc2 Kb8 39. Kb2 Re3 40. Ka2 Rc3 41. Rh4 Rxc4 42. g3 Ra4+ 43. Kb3 Rb4+ 44. Ka3 Nxh3 45. Rxh3 Kc7 46. Rh8 Rg4 47. Rf8 Kc6 48. Rf6+ Kb5 49. Kb2 Ka4 50. Kc3 b5 51. Rc6 Ka3 52. Rc5 b4+ 53. Kc2 a4 54. Rc6 Ka2 55. Rc5 Re4 0-1

[Event "Naujac op 05th"]
[Site "Naujac"]
[Date "2002.07.30"]
[Round "1"]
[White "Bogdanov, Dimitri"]
[Black "Behrhorst, Frank"]
[Result "0-1"]
[WhiteElo "2095"]
[BlackElo "2283"]
[PlyCount "78"]
[EventDate "2002.06.30"]
[EventType "swiss"]
[EventRounds "9"]
[EventCountry "FRA"]
[SourceTitle "CBM 089 Extra"]
[Source "ChessBase"]
[SourceDate "2002.09.10"]
[SourceVersion "2"]
[SourceVersionDate "2002.09.10"]
[SourceQuality "1"]

1. e4 Nf6 2. e5 Nd5 3. d4 d6 4. Nf3 Bg4 5. Be2 c6 6. 0-0 Bxf3 7. Bxf3 dxe5 8. dxe5 e6 9. Qe2 Nd7 10. Re1 Qc7 11. a4 Bb4 12. Bd2 Bxd2 13. Nxd2 0-0 14. g3 Ne7 15. Nc4 Rab8 16. Be4 b5 17. Nd6 Nc5 18. axb5 Nxe4 19. Qxe4 cxb5 20. Ra6 Rb6 21. Rea1 Rxa6 22. Rxa6 Rb8 23. Qe3 Rb6 24. Rxb6 axb6 25. Qa3 h6 26. Qa8+ Kh7 27. Qe4+ Ng6 28. h4 f5 29. Qe2 Qc5 30. Qxb5 Qxc2 31. Nc4 f4 32. Nxb6 fxg3 33. fxg3 Qd1+ 34. Kh2 Qd2+ 35. Kh3 Qe3 36. Qb4 Nxe5 37. Qf4 Qe2 38. Na4 Nd3 39. Nc3 Nxf4+ 0-1

[Event "Naujac op 05th"]
[Site "Naujac"]
[Date "2002.07.05"]
[Round "7"]
[White "Bert, Jerome"]
[Black "Behrhorst, Frank"]
[Result "0-1"]
[WhiteElo "2086"]
[BlackElo "2283"]
[PlyCount "70"]
[EventDate "2002.06.30"]
[EventType "swiss"]
[EventRounds "9"]
[EventCountry "FRA"]
[SourceTitle "CBM 089 Extra"]
[Source "ChessBase"]
[SourceDate "2002.09.10"]
[SourceVersion "2"]
[SourceVersionDate "2002.09.10"]
[SourceQuality "1"]

1. e4 Nf6 2. e5 Nd5 3. c4 Nb6 4. b3 d5 5. exd6 cxd6 6. Bb2 d5 7. cxd5 Nxd5 8. Nc3 Nc6 9. Nf3 Bf5 10. Bc4 Ndb4 11. 0-0 Bd3 12. Ng5 e6 13. Nce4 Bxc4 14. Qh5 Qd7 15. bxc4 Nd3 16. Bc3 h6 17. Rab1 Nf4 18. Qh4 Ng6 19. Qh5 hxg5 20. Qxg5 Be7 21. Qb5 0-0-0 22. Bxg7 Rhg8 23. Bc3 Nf4 24. g3 Ne2+ 25. Kg2 f5 26. Nf6 Nxc3 27. Nxd7 Nxb5 28. cxb5 Kxd7 29. bxc6+ Kxc6 30. Rfc1+ Bc5 31. Rc2 Rd3 32. Re1 Kd5 33. f4 b6 34. a4 a5 35. Re2 Rd4 0-1

[Event "Naujac op 05th"]
[Site "Naujac"]
[Date "2002.07.01"]
[Round "3"]
[White "Foisor, Ovidiu Doru"]
[Black "Behrhorst, Frank"]
[Result "1/2-1/2"]
[WhiteElo "2431"]
[BlackElo "2283"]
[PlyCount "35"]
[EventDate "2002.06.30"]
[EventType "swiss"]
[EventRounds "9"]
[EventCountry "FRA"]
[SourceTitle "CBM 089 Extra"]
[Source "ChessBase"]
[SourceDate "2002.09.10"]
[SourceVersion "2"]
[SourceVersionDate "2002.09.10"]
[SourceQuality "1"]

1. c4 Nf6 2. Nf3 c5 3. Nc3 d5 4. cxd5 Nxd5 5. e3 Nxc3 6. bxc3 g6 7. Qa4+ Nd7 8. Be2 Bg7 9. 0-0 0-0 10. d4 Qc7 11. Qb3 e6 12. a4 b6 13. a5 Bb7 14. Nd2 Rfc8 15. axb6 axb6 16. Rxa8 Rxa8 17. Bb2 Bd5 18. c4 1/2-1/2

[Event "Gausdal Eikrem Memorial"]
[Site "Gausdal"]
[Date "1998.08.04"]
[Round "4"]
[White "Westerinen, Heikki MJ"]
[Black "Behrhorst, Frank"]
[Result "1/2-1/2"]
[WhiteElo "2435"]
[BlackElo "2290"]
[PlyCount "82"]
[EventDate "1998.08.01"]
[EventType "swiss"]
[EventRounds "9"]
[EventCountry "NOR"]
[SourceTitle "EXT 1999"]
[Source "ChessBase"]
[SourceDate "1998.11.16"]
[SourceVersion "1"]
[SourceVersionDate "1998.11.16"]
[SourceQuality "1"]

1. e4 Nf6 2. e5 Nd5 3. d4 d6 4. Nf3 Bg4 5. Be2 c6 6. Ng5 Bf5 7. Bg4 Bxg4 8. Qxg4 e6 9. 0-0 dxe5 10. dxe5 Nd7 11. Nf3 Qc7 12. Re1 h6 13. a3 g5 14. Bd2 Bg7 15. c4 Ne7 16. Bc3 Ng6 17. Qe4 0-0-0 18. g3 Nc5 19. Qe3 Nd3 20. Re2 g4 21. Ne1 Ngxe5 22. Nd2 Rhg8 23. Qxa7 Qb8 24. Qxb8+ Kxb8 25. Nxd3 Rxd3 26. Kg2 Nf3 27. Bxg7 Rxg7 28. Nf1 Rg8 29. Re4 h5 30. b4 Rgd8 31. Re3 Rd1 32. Rxd1 Rxd1 33. h3 b5 34. hxg4 hxg4 35. cxb5 cxb5 36. Rc3 Kb7 37. Rc5 Kb6 38. Rc8 Ne1+ 39. Kg1 Nf3+ 40. Kg2 Ne1+ 41. Kg1 Nf3+ 1/2-1/2

[Event "Arnold Cup"]
[Site "Gausdal"]
[Date "1997.??.??"]
[Round "7"]
[White "Behrhorst, Frank"]
[Black "Gronn, Atle"]
[Result "1-0"]
[WhiteElo "2250"]
[BlackElo "2310"]
[PlyCount "97"]
[EventDate "1997.04.??"]
[EventType "swiss"]
[EventRounds "9"]
[EventCountry "NOR"]
[SourceTitle "EXT 1998"]
[Source "ChessBase"]
[SourceDate "1997.11.17"]
[SourceVersion "1"]
[SourceVersionDate "1997.11.17"]
[SourceQuality "1"]

1. d4 g6 2. c4 Bg7 3. Nc3 c5 4. d5 Bxc3+ 5. bxc3 f5 6. Nf3 Qa5 7. Qc2 d6 8. Bf4 Nf6 9. e3 Bd7 10. Bd3 Na6 11. 0-0 Qa4 12. Qb3 0-0 13. Rfe1 Nc7 14. h3 Qa6 15. Qc2 e5 16. dxe6 Nxe6 17. Bh6 Rf7 18. e4 fxe4 19. Bxe4 Nxe4 20. Qxe4 Re8 21. Qh4 Qc6 22. Re3 Ng7 23. Rae1 Qc8 24. Rxe8+ Bxe8 25. Bxg7 Rxg7 26. Qf6 Bc6 27. Ng5 Rd7 28. Qe6+ Kg7 29. Qg4 Qg8 30. Qf4 Qc8 31. h4 Kg8 32. Qf6 Qf8 33. Qe6+ Kg7 34. Qe3 Kg8 35. h5 Qf6 36. Qe8+ Qf8 37. Qe6+ Kg7 38. hxg6 hxg6 39. Qg4 Qf5 40. Qh4 Kf6 41. Ne6+ g5 42. Qh8+ Kg6 43. Nf8+ Kf7 44. Nxd7 Qxd7 45. Qh5+ Kf6 46. Qh6+ Kf5 47. Qf8+ Kg4 48. Re2 Qf5 49. f3+ 1-0

[Event "Weilburg NBG op"]
[Site "Weilburg"]
[Date "1996.??.??"]
[Round "5"]
[White "Bauer, C."]
[Black "Behrhorst, Frank"]
[Result "1-0"]
[WhiteElo "2430"]
[BlackElo "2240"]
[PlyCount "67"]
[EventDate "1996.??.??"]
[EventType "swiss"]
[EventRounds "9"]
[EventCountry "GER"]
[SourceTitle "EXT 1997"]
[Source "ChessBase"]
[SourceDate "1996.11.15"]
[SourceVersion "1"]
[SourceVersionDate "1996.11.15"]
[SourceQuality "1"]

1. e4 Nf6 2. Nc3 d5 3. e5 d4 4. Nce2 Ng4 5. f4 h5 6. Nf3 c5 7. b4 e6 8. Bb2 Nc6 9. bxc5 Bxc5 10. Nc1 0-0 11. Nd3 Qa5 12. Nxc5 Qxc5 13. h3 Nh6 14. Bd3 f6 15. 0-0 fxe5 16. Nxe5 Nxe5 17. fxe5 Rxf1+ 18. Qxf1 Qb4 19. Rb1 Bd7 20. Qf4 Bc6 21. Qxd4 Qe7 22. Rf1 Rd8 23. Qe3 Kh8 24. Bc3 h4 25. Qf4 a5 26. Kh2 b6 27. Bd4 Ba8 28. Be3 Bd5 29. a4 Rc8 30. Qd4 Nf7 31. Qf4 Nh6 32. Bxb6 Bxg2 33. Kxg2 Qb7+ 34. Qe4 1-0

[Event "Weilburg NBG op"]
[Site "Weilburg"]
[Date "1996.??.??"]
[Round "8"]
[White "Behrhorst, Frank"]
[Black "Muench, Ingo"]
[Result "1/2-1/2"]
[WhiteElo "2240"]
[BlackElo "2185"]
[PlyCount "74"]
[EventDate "1996.??.??"]
[EventType "swiss"]
[EventRounds "9"]
[EventCountry "GER"]
[SourceTitle "EXT 1997"]
[Source "ChessBase"]
[SourceDate "1996.11.15"]
[SourceVersion "1"]
[SourceVersionDate "1996.11.15"]
[SourceQuality "1"]

1. d4 Nf6 2. c4 e5 3. dxe5 Ng4 4. Bf4 Nc6 5. Nf3 Bb4+ 6. Nbd2 Qe7 7. e3 Ngxe5 8. Nxe5 Nxe5 9. Be2 0-0 10. 0-0 Ng6 11. Bg3 Bd6 12. Bxd6 Qxd6 13. Qc2 Qe7 14. c5 d6 15. Rac1 dxc5 16. Qxc5 Qxc5 17. Rxc5 c6 18. Nb3 Be6 19. Nd4 Bd5 20. Rc2 Rfd8 21. Rfc1 Nf8 22. Bg4 g6 23. a3 h5 24. Bh3 f5 25. g3 Ne6 26. Nxe6 Bxe6 27. e4 Kf7 28. exf5 Bxf5 29. Bxf5 gxf5 30. Re1 Re8 31. Rxe8 Rxe8 32. Kg2 Re5 33. Kf3 Rb5 34. h4 Kf6 35. Kf4 Rd5 36. Re2 Rd4+ 37. Kf3 c5 1/2-1/2

[Event "Travemuende op"]
[Site "Travemuende"]
[Date "1995.??.??"]
[Round "3"]
[White "Behrhorst, Frank"]
[Black "Gipslis, Aivars P"]
[Result "1/2-1/2"]
[WhiteElo "2255"]
[BlackElo "2480"]
[PlyCount "46"]
[EventDate "1995.??.??"]
[EventType "swiss"]
[EventRounds "7"]
[EventCountry "GER"]
[SourceTitle "EXT 1998"]
[Source "ChessBase"]
[SourceDate "1997.11.17"]
[SourceVersion "1"]
[SourceVersionDate "1997.11.17"]
[SourceQuality "1"]

1. d4 Nf6 2. c4 e6 3. Nc3 Bb4 4. f3 d5 5. a3 Bxc3+ 6. bxc3 c5 7. e3 Nc6 8. cxd5 Nxd5 9. dxc5 Qa5 10. e4 Nc7 11. Be3 0-0 12. Qc2 e5 13. Bc4 Be6 14. Bxe6 Nxe6 15. Ne2 Ncd4 16. Bxd4 exd4 17. Qd2 dxc3 18. Qxc3 Qa6 19. Qb2 Nxc5 20. 0-0 Nd3 21. Qd4 Rfd8 22. Qe3 Nb2 23. Nf4 Nc4 1/2-1/2